| 000 | 00913nam a22002417a 4500 | ||
|---|---|---|---|
| 005 | 20260129100932.0 | ||
| 008 | 260129t ||||| |||| 00| 0 spa d | ||
| 020 | _a9788411003933 | ||
| 040 |
_aCO-BoUCM _cDavid Moreno _dDavid Moreno |
||
| 041 | _aspa | ||
| 100 | 1 |
_aEyal, Nir _9187744 |
|
| 245 | 1 | 0 |
_aInmune a la distracción _bcómo controlar tu atención ante la epidemia de la interrupción constante _cNir Eyal |
| 250 | _a1a.Ed | ||
| 260 |
_aBarcelona, España _bEdiciones Península _c2025 |
||
| 300 | _a320 páginas | ||
| 650 | 1 | 4 |
_aTransformación digital _9179932 _xHábitos |
| 650 | 1 | 4 |
_aAtención (Psicología) _9187745 _xInterrupciones digitales |
| 650 | 1 | 4 |
_aProductividad _9187746 _xAutorregulación |
| 650 | 1 | 4 |
_aTecnología digital _xAspectos psicológicos _9187747 |
| 653 | _aHábitos y conducta | ||
| 942 |
_2DEWEY _a16 _cLIBRO _e1 _h303.483 _mE97i _n0 |
||
| 999 |
_c326016 _d326016 |
||